书目信息 |
| 题名: |
自己拯救自己
|
|
| 作者: | 斯迈尔斯, 著 ;刘曙光 译 | |
| 分册: | ||
| 出版信息: | 北京 北京燕山出版社 1999 |
|
| 页数: | 373页 | |
| 开本: | 20cm | |
| 丛书名: | ||
| 单 册: | ||
| 中图分类: | B848.4 | |
| 科图分类: | ||
| 主题词: | 成功心理学 | |
| 电子资源: | ||
| ISBN: | 7-5402-1170-9 | |
| 000 | 00902nam0 2200241 450 | |
| 001 | 192004003996 | |
| 005 | 20070917093532.17 | |
| 010 | @a7-5402-1170-9@dCNY19.00 | |
| 100 | @a20070602d1999 ekmy0chiy0121 ea | |
| 101 | 1 | @achi@ceng |
| 102 | @aCN@b110000 | |
| 105 | @ay z 000yy | |
| 200 | 1 | @a自己拯救自己@Azi ji zheng jiu zi ji@f(英) 塞缪尔·斯迈尔斯著@g刘曙光等译 |
| 210 | @a北京@c北京燕山出版社@d1999 | |
| 215 | @a373页@d20cm | |
| 305 | @a根据伦敦约翰·默雷公司1911年版译出 | |
| 330 | @a本书作者用犀利深刻的眼光、幽默风趣的笔调描述了众多出身贫寒低贱、深处苦难无助的困境中的贫苦人士如何通过吃苦耐劳、百折不挠、自强自救、耐心宽厚、诚实公正,去战胜人生道路上的千难万险,最后走向辉煌成功的事例。 | |
| 606 | 0 | @a成功心理学 |
| 690 | @aB848.4@v4 | |
| 701 | 1 | @a斯迈尔斯,@Asi mai er si,@e英@f1812-1904@4著 |
| 702 | 0 | @a刘曙光@Aliu shu guang@4译 |
| 801 | 0 | @aCN@c20070917 |
| 905 | @dB848.4@eS7092 | |
| 自己拯救自己/(英) 塞缪尔·斯迈尔斯著/刘曙光等译.-北京:北京燕山出版社,1999 |
| 373页;20cm |
| ISBN 7-5402-1170-9:CNY19.00 |
| 本书作者用犀利深刻的眼光、幽默风趣的笔调描述了众多出身贫寒低贱、深处苦难无助的困境中的贫苦人士如何通过吃苦耐劳、百折不挠、自强自救、耐心宽厚、诚实公正,去战胜人生道路上的千难万险,最后走向辉煌成功的事例。 |
| ● |
| 相关链接 |
|
|
|
正题名:自己拯救自己
索取号:B848.4/S7092
 
预约/预借
| 序号 | 登录号 | 条形码 | 馆藏地/架位号 | 状态 | 备注 |
| 1 | 620593 | 206205934 | 社科库509/509社科库 46排3列3层/ [索取号:B848.4/S7092] | 在馆 | |
| 2 | 620594 | 206205943 | 社科库509/509社科库 46排3列3层/ [索取号:B848.4/S7092] | 在馆 | |
| 3 | 620595 | 206205952 | 社科库509/404自科库 25排3列4层/ [索取号:B848.4/S7092] | 在馆 |